Top 10 most populous cities in China - Statistics

General Stats
  • This quiz has been taken 28 times
    26 since last reset
  • The average score is 8 of 12
Answer Stats
Population Answer % Correct
11,716,620 Beijing
100%
22,315,474 Shanghai
100%
11,071,424 Guangzhou
91%
9,785,388 Wuhan
82%
10,358,381 Shenzhen
77%
7,457,600 Chongqing
73%
11,090,314 Tianjin
68%
7,415,590 Chengdu
64%
6,501,190 Xi’an
64%
7,165,292 Nanjing
55%
8,000,000 Dongguan
23%
7,150,000 Nanchong
0%
No matching quizzes found
Score Distribution
Percent of People with Each Score
Percentile by Number Answered
Your Score History
You have not taken this quiz since the last reset